| 000 | 00480nam a2200169 i 4500 | ||
|---|---|---|---|
| 001 | 82783 | ||
| 003 | ES-MaACL | ||
| 005 | 20250719063311.0 | ||
| 007 | t| | ||
| 008 | 041111s1973 sp ||||1| spa d | ||
| 100 | 1 |
_aIgartua, Juan Manuel _965056 |
|
| 245 | 1 | 0 |
_aRespuesta teológica a Díez-Alegría / _cJuan Manuel Igartua. |
| 260 |
_aBarcelona : _bAcervo, _c[1973] |
||
| 300 |
_a190 p. ; _c18 cm. |
||
| 852 |
_aES-MaACL _jC-55775 _bR.88237 |
||
| 999 |
_c82783 _d82783 |
||